Popular 90's Cartoons - Statistics

General Stats
  • This quiz has been taken 945 times
  • The average score is 5 of 15
Answer Stats
Hint Answer % Correct
Adolescent deviant warrior reptiles Teenage Mutant Ninja Turtles
83%
Yellow and porous is he Spongebob Squarepants
68%
A team of mutants fight for survival and what's right, based on a popular comic book franchise X-MEN
64%
This womanizing, self-proclaimed cool guy has an Elvis swagger Johnny Bravo
58%
A conjoined animal hybrid CatDog
56%
A superhero and his team of youths promote a eco-friendly message Captain Planet
49%
Aviation-based spinoff of classic "Jungle Book" characters TaleSpin
34%
Wacky undead adventures that are based off of the more adult Michael Keaton motion picture Beetlejuice
33%
A boy getting used to growing up in a new town filled with colorful characters Doug
18%
Youthful spinoffs of classic characters go to school and have misadventures Tiny Toons
17%
Titular space-faring inverterbrate has a canine companion and was based on a video game Earthworm Jim
14%
The name of two different animated series of the time, based on the video game series Sonic the Hedgehog
14%
Affection Ursidae Care Bears
11%
A kid falls into the video game world Captain N
9%
A cartoon character collaborates with his animator to make detective stories Dog City
2%
No matching quizzes found
Score Distribution
Percent of People with Each Score
Percentile by Number Answered
Your Score History
You have not taken this quiz